What is the registrar accreditation board?

Prijatie noriem ISO 9000 a z nich vyplývajúci certifikačný proces nezávislým orgánom, je súčasnou obchodnou stratégiou USA. Na zabezpečenie kvality nezávislých certifikačných orgánov a registrácie certifikátov bola v USA zriadená Registračná komisia (RAB). Vznikajú ďalšie strediská pre certifikáciu...

Descrizione completa

Salvato in:
Dettagli Bibliografici
Autore principale: Stratton, J.H
Natura: Capitolo di libro
Lingua:inglese
Soggetti:
Tags: Aggiungi Tag
Nessun Tag, puoi essere il primo ad aggiungerne!!

MARC

LEADER 00000naa a2200000 4500
001 r008176
005 20220913122640.8
041 0 |a eng 
044 |a US 
245 1 0 |a What is the registrar accreditation board?  |c J.H. Stratton 
520 |a Prijatie noriem ISO 9000 a z nich vyplývajúci certifikačný proces nezávislým orgánom, je súčasnou obchodnou stratégiou USA. Na zabezpečenie kvality nezávislých certifikačných orgánov a registrácie certifikátov bola v USA zriadená Registračná komisia (RAB). Vznikajú ďalšie strediská pre certifikáciu ponúkajúce svoje služby výrobcom. Popis organizácie a akreditačnej činnosti RAB. Akreditačný proces RAB a jeho budúcnosť v USA. 
610 2 0 |a normy 
610 2 0 |a ISO 9000 
610 2 0 |a kontrola kvality 
610 2 0 |a kvalita 
610 2 0 |a USA 
610 2 0 |a RAB 
610 2 0 |a riadenie kvality 
610 2 0 |a certifikácia 
100 1 |a Stratton, J.H.